| 000 | 01453nam a2200325 c 4500 | ||
|---|---|---|---|
| 003 | BLK | ||
| 005 | 20230515123729.0 | ||
| 008 | 180411b bul|||||r ||||||| ||bul|| | ||
| 010 | _aKNG00175044000 | ||
| 040 | _aBLK | ||
| 041 |
_aBUL _cBUL |
||
| 080 |
_aФренска литература _b821.133.1 _x-93-31 _z821.133.1-93-31 |
||
| 100 | 1 |
_aЕмар, Гюстав _d1813-1883 _9257717 |
|
| 700 | 1 |
_aПорняков, Александър _eпрев. от фр. _9112613 |
|
| 139 |
_aЕмар, Гюстав _bЕ 58 |
||
| 245 | 1 | 0 |
_aОтмъщение _bРоман [за юноши] _cГюстав Емар; прев. от фр. Александър Порняков. |
| 250 | _a2. изд. | ||
| 257 | _aFRA | ||
| 260 |
_аСофия _bТ Т _c1991 |
||
| 300 |
_a169 с. _c20 см |
||
| 380 | _aX | ||
| 490 | 1 | _aПоредица Избрани приключенски романи : Бестселър на всички времена | |
| 500 | _aБез сведение за ориг. загл. - В кн. погрешно означени прев. Ат. Шопов, Ал. Порняков. - 1. изд. 1941 със загл. Отмъщението на червените бизони на изд. Г. Атанасов. | ||
| 653 | _aромани | ||
| 852 | _aЦб 166824 | ||
| 856 | 4 |
_qpdf _u |
|
| 856 | 4 |
_qpdf _u |
|
| 942 |
_cKNG _n0 _01 |
||
| 944 |
_aCR _c08.08.2014 _kТеодора_Стоянова |
||
| 944 |
_aED _c06.10.2017 _kВиолета_Тройчева |
||
| 999 |
_c167248 _d167248 |
||